00666nam a2200241uu 4500001000800000005001700008008004100025020001500066035001200081035002100093040001300114041000800127080000700135082000800142100003100150245006000181260003500241300001800276650006000294650003600354650001300390650002100403100450320260507074348.0061115s2006 spa  a9583398306 a1004503 a(OCoLC)434689854 ccomduadb aspa aB/ 4a18710aHenao, Guillermo4auteaut10aNaturaleza, clinamen y causalidad en Epicuro y Lucrecio aMedellín :bAutor(a),c2006. a226 páginas 0aEpicuro, 341-270 a. de J. C. - Pensamiento filosófico aLucrecio Caro, Tito, 98-55 a.c. aClinamen 7aCausalidad2lemb